00561nam a2200157Ia 4500008004100000040001800041041000800059100002900067245005200096260005000148300001800198490001500216500013200231650002500363650001500388130821s1958 xxu gr eng  aCo-BoUCMbspa aeng aKostelanetz, Richard, Ed aOn contemporary literaturecRichard Kostelanetz aNueva York (Estados Unidos)bAvon Booksc1958 a638 páginas aAvon Books aAn anthology of critical essays on the major movements and writers on comtemporary literature.-- ed. with an introductory essay04aEnsayosvColecciones04aLiteratura